Operation Research (Record no. 3302)

MARC details
000 -LEADER
fixed length control field 00374nam a22001697a 4500
005 - DATE AND TIME OF LATEST TRANSACTION
control field 20160620151858.0
008 - FIXED-LENGTH DATA ELEMENTS--GENERAL INFORMATION
fixed length control field 160620b xxu||||| |||| 00| 0 eng d
020 ## - INTERNATIONAL STANDARD BOOK NUMBER
ISBN 1403-93151-8
041 ## - LANGUAGE CODE
Language code of text/sound track or separate title eng
082 ## - DEWEY DECIMAL CLASSIFICATION NUMBER
Item number 8578
100 ## - MAIN ENTRY--AUTHOR NAME
Personal name Sharma, J.K.
245 ## - TITLE STATEMENT
Title Operation Research
260 ## - PUBLICATION, DISTRIBUTION, ETC. (IMPRINT)
Name of publisher Mac Millan
300 ## - PHYSICAL DESCRIPTION
Number of Pages 1137
650 ## - SUBJECT ADDED ENTRY--TOPICAL TERM
Topical Term Management
942 ## - ADDED ENTRY ELEMENTS (KOHA)
Koha item type Books
Holdings
Lost status Damaged status Collection code Home library Current library Shelving location Date acquired Cost, normal purchase price Accession Number Koha item type
    MANAGEMENT JRU Library JRU Library SHELF-76-D 20/06/2016 395.00 8578 Books